Nessuno uguale : adolescenti e omosessualita /

محفوظ في:
التفاصيل البيبلوغرافية
مؤلفون آخرون: Cipelletti, Claudio
التنسيق: شريحة
اللغة:الإيطالية
منشور في: Milano : Medialogo : Agedo, 1998
سلاسل:Societa e metropoli ; 1
الوسوم: إضافة وسم
لا توجد وسوم, كن أول من يضع وسما على هذه التسجيلة!

MARC

LEADER 00000ngm a22000007i 4500
001 IT\ICCU\TO0\1084137
003 ItRI
005 20260124182815.0
008 020605s1998 it |||||||||||||||k|||||c
040 |b ita 
041 7 |a ita  |2 ISO-639-2 
245 0 0 |a Nessuno uguale :  |b adolescenti e omosessualita /  |c di Claudio Cipelletti. 
260 |a Milano :  |b Medialogo :  |b Agedo,  |c 1998 
300 |a 1 videocassetta (VHS) (ca. 60 min.) :  |b color., son +  |e 1 opusc. (38 p.). 
700 1 |a Cipelletti, Claudio  |0 IT\ICCU\CFIV\136622 
830 0 |a Societa e metropoli ;  |v 1  |0 IT\ICCU\TO0\1084138 
942 |2 ddc  |c VM  |n 0 
952 |0 0  |1 0  |4 0  |6 VO_751_000000000000000  |7 0  |9 26614  |a BO  |b BO  |d 2026-01-24  |i 7310  |l 0  |o VO 751  |p BO7310  |r 2026-01-24 18:28:15  |w 2026-01-24  |x [Sebina 5] [1 videocassetta]  |y VM  |z 1 videocassetta 
999 |c 22509  |d 22509